[Event "AUTO-OPEN-483"]
[Site "http://www.queenalice.com/game.php?id=142428"]
[Date "2006.12.16"]
[Round "1"]
[White "Garuda"]
[Black "fpferreira"]
[Result "1-0"]
[WhiteElo "1449"]
[BlackElo "1469"]

1. e4 e5 2. Nf3 Nc6 3. Bb5 a6 4. Ba4 b5 5. Bb3 Nf6 6. O-O Nxe4 7. d3 Nf6 8. Re1
Bb4 9. c3 Bc5 10. d4 Be7 11. dxe5 Ng4 12. e6 dxe6 13. Qxd8+ Nxd8 14. Bf4 Bb7 15.
Nbd2 Bc5 16. h3 Bxf2+ 17. Kf1 Bxe1 18. Rxe1 O-O 19. hxg4 Bxf3 20. gxf3 c5 21. c4
Nc6 22. cxb5 axb5 23. a3 Nd4 24. Ba2 b4 25. Nc4 b3 26. Bb1 Nxf3 27. Re3 Nd2+ 28.
Nxd2 Rab8 29. Bxb8 Rxb8 30. Ne4 c4 31. Ng5 Rd8 32. a4 Rd2 33. a5 Rxb2 34. Be4
Rb1+ 35. Bxb1 1-0

[Event "AUTO-OPEN-483"]
[Site "http://www.queenalice.com/game.php?id=142447"]
[Date "2006.12.16"]
[Round "1"]
[White "johntelker"]
[Black "Garuda"]
[Result "0-1"]
[WhiteElo "1642"]
[BlackElo "1500"]

1. e4 e5 2. Nf3 Nc6 3. Bc4 Nf6 4. Qe2 Bc5 5. O-O h6 6. a3 a6 7. Nc3 b5 8. Bd5
Bb7 9. d3 Bd6 10. Be3 Ng4 11. Rad1 O-O 12. b4 Rb8 13. h3 Ne7 14. Bxb7 Rxb7 15.
hxg4 c6 16. Nh4 Ng6 17. Nf5 Bc7 18. d4 exd4 19. Bxd4 Be5 20. g3 d5 21. Bxe5 Nxe5
22. f4 Nc4 23. exd5 Qf6 24. d6 Qxc3 25. Rf3 Qb2 26. Qd3 a5 27. bxa5 Nxa5 28. d7
Rd8 29. Re3 Rbxd7 30. Nd6 Rxd6 0-1

[Event "AUTO-OPEN-483"]
[Site "http://www.queenalice.com/game.php?id=142448"]
[Date "2006.12.16"]
[Round "1"]
[White "Garuda"]
[Black "johntelker"]
[Result "0-1"]
[WhiteElo "1771"]
[BlackElo "1647"]

1. e4 e6 2. d4 d5 3. a3 dxe4 4. Nc3 Nf6 5. Bc4 b6 6. Nge2 Bb7 7. Be3 Be7 8. Nf4
c6 9. O-O O-O 10. b4 Nbd7 11. a4 Bxb4 12. Na2 Be7 13. c3 e5 14. dxe5 Nxe5 15.
Bb3 Qxd1 16. Raxd1 Rad8 17. Rd4 c5 18. Ne6 fxe6 19. Bxe6+ Kh8 20. Rdd1 Nd3 21.
c4 Ba6 22. a5 bxa5 23. Nc3 h6 24. f3 exf3 25. Rxf3 Ne5 26. Rf5 Nc6 27. Nd5 Kh7
28. Rc1 Ne4 29. Nxe7 Nxe7 30. Rxf8 Rxf8 31. Bg4 Ng6 32. Bf3 Nf6 33. Bxc5 Rc8 34.
Bxa7 Rxc4 35. Rb1 Rb4 36. Rd1 Bc4 37. Bc5 Rb3 38. Rc1 Be6 39. h3 Nh4 40. Bd1 Rb2
41. Bc2+ Rxc2 42. Rxc2 a4 43. g3 Bb3 44. Rc3 Ng6 45. Kf2 Ne4+ 0-1

[Event "AUTO-OPEN-483"]
[Site "http://www.queenalice.com/game.php?id=142457"]
[Date "2006.12.16"]
[Round "1"]
[White "jocachess"]
[Black "Garuda"]
[Result "1-0"]
[WhiteElo "1631"]
[BlackElo "1498"]

1. e4 e5 2. f4 d6 3. Ne2 exf4 4. Nxf4 Nf6 5. Nc3 Nc6 6. Bb5 Bd7 7. Ncd5 Nxe4 8.
Qe2 Bf5 9. d3 Be7 10. dxe4 Bd7 11. O-O a6 12. Bd3 Nd4 13. Qe3 c5 14. c3 Nc6 15.
Bd2 Bg5 16. Qg3 Ne5 17. Nc7+ Qxc7 18. Qxg5 f6 19. Qxg7 O-O-O 20. Nd5 Qc6 21.
Ne7+ Kc7 22. Nxc6 Kxc6 23. Bc2 b5 24. Qxf6 Rhg8 25. Bf4 Rdf8 26. Qh6 Ng4 27.
Qxd6+ Kb7 28. Qxd7+ 1-0

[Event "AUTO-OPEN-483"]
[Site "http://www.queenalice.com/game.php?id=142458"]
[Date "2006.12.16"]
[Round "1"]
[White "Garuda"]
[Black "jocachess"]
[Result "0-1"]
[WhiteElo "1596"]
[BlackElo "1603"]

1. e4 Nf6 2. e5 Nd5 3. c4 Nb6 4. d3 d5 5. exd6 cxd6 6. Nc3 d5 7. c5 e5 8. Nf3
Bg4 9. h3 Bf5 10. g4 Be6 11. Nxe5 Bxc5 12. d4 Bd6 13. Nd3 Nc6 14. Bg2 Nxd4 15.
Be3 Qf6 16. Qd2 Nc4 17. Qd1 O-O 18. b3 Ne2 19. Nxe2 Nxe3 20. Qc1 Nxg2+ 21. Kf1
Rac8 22. Qb2 Ne3+ 23. Ke1 Nc2+ 24. Kd2 Qxb2 25. Nxb2 Bb4+ 26. Nc3 Nxa1 0-1

[Event "AUTO-INT-326"]
[Site "http://www.queenalice.com/game.php?id=160690"]
[Date "2007.1.29"]
[Round "1"]
[White "astrologo"]
[Black "Garuda"]
[Result "1-0"]
[WhiteElo "1731"]
[BlackElo "1581"]

1. e4 e5 2. Nc3 Nf6 3. Bc4 Bc5 4. d3 O-O 5. Na4 c6 6. Nxc5 Qa5+ 7. Bd2 Qxc5 8.
a3 d5 9. Bb4 Qb6 10. Bxf8 Kxf8 11. exd5 cxd5 12. Bb3 Ng4 13. Qe2 Nxf2 14. Qxf2
Qd6 15. O-O-O Be6 16. Nf3 h6 17. Rhe1 Nd7 18. Qg3 f6 19. Rf1 g5 20. d4 Kg7 21.
dxe5 fxe5 22. Rde1 Rc8 23. Nxe5 Nc5 24. Ba2 Ne4 25. Rxe4 dxe4 26. Bxe6 Qxe6 27.
Ng4 Rd8 28. Qe5+ Qxe5 29. Nxe5 a5 30. Rf7+ Kg8 31. Rxb7 Rd5 32. Ng4 h5 33. Nf6+
1-0

[Event "AUTO-INT-326"]
[Site "http://www.queenalice.com/game.php?id=160691"]
[Date "2007.1.29"]
[Round "1"]
[White "Garuda"]
[Black "astrologo"]
[Result "0-1"]
[WhiteElo "1562"]
[BlackElo "1745"]

1. e4 c5 2. Bc4 Nc6 3. Nf3 e6 4. O-O Be7 5. c3 d5 6. Bb5 a6 7. Ba4 dxe4 8. Ne5
Qd5 9. Ng4 Nf6 10. Ne3 Qd7 11. Bc2 O-O 12. d3 exd3 13. Bxd3 Rd8 14. b3 Qxd3 15.
Qxd3 Rxd3 16. Nc4 b5 17. Nb2 Rd7 18. a3 Bb7 19. b4 c4 20. a4 Ne4 21. Na3 Nxc3
22. Be3 Nxb4 23. axb5 axb5 24. Nxb5 Nxb5 25. Rxa8+ Bxa8 26. Nxc4 Bd5 27. Nb6 Rd8
28. h4 Nc2 29. Bd2 Bxh4 30. g3 Bf6 31. Rc1 Nbd4 32. Ba5 Ne2+ 0-1

[Event "AUTO-INT-326"]
[Site "http://www.queenalice.com/game.php?id=160706"]
[Date "2007.1.29"]
[Round "1"]
[White "Garuda"]
[Black "ricardosf"]
[Result "1-0"]
[WhiteElo "1538"]
[BlackElo "1427"]

1. e4 d5 2. c3 dxe4 3. g3 h5 4. Bg2 f5 5. Ne2 h4 6. gxh4 Rxh4 7. d3 exd3 8. Nf4
d2+ 9. Bxd2 e5 10. Ng6 Be7 11. Nxh4 Bxh4 12. Qh5+ Kf8 13. c4 Nc6 14. O-O Bxf2+
15. Rxf2 Nd4 16. Bc3 Nc2 17. Rxc2 Qd3 18. Rd2 Qe3+ 19. Kf1 f4 20. Rd8+ Ke7 21.
Re8+ Kd7 22. Qf7+ Kd6 23. Qd5# 1-0

[Event "AUTO-INT-326"]
[Site "http://www.queenalice.com/game.php?id=160707"]
[Date "2007.1.29"]
[Round "1"]
[White "ricardosf"]
[Black "Garuda"]
[Result "0-1"]
[WhiteElo "1427"]
[BlackElo "1502"]

1. d4 Nc6 2. c3 d5 3. Na3 e5 4. dxe5 Nxe5 5. e3 Nf6 6. Bb5+ c6 7. Ba4 Be7 8. c4
dxc4 9. Qxd8+ Bxd8 10. f4 Nd3+ 11. Kd1 Nf2+ 12. Ke2 Nxh1 13. Nxc4 O-O 14. Nd6
Bg4+ 15. Kf1 Ba5 16. h3 Bf5 17. h4 Bb4 18. Nxf5 Ne4 19. a3 b5 20. Bb3 Ba5 21.
Ne7+ Kh8 22. h5 Neg3# 0-1

[Event "AUTO-INT-326"]
[Site "http://www.queenalice.com/game.php?id=160708"]
[Date "2007.1.29"]
[Round "1"]
[White "Garuda"]
[Black "Paranista"]
[Result "0-1"]
[WhiteElo "1445"]
[BlackElo "2041"]

1. e4 c5 2. Bc4 Nc6 3. Nf3 d6 4. O-O Nf6 5. Ng5 e6 6. c3 Be7 7. d4 cxd4 8. cxd4
h6 9. Nxf7 Kxf7 10. d5 exd5 11. Bxd5+ Nxd5 12. Qh5+ g6 13. Qxd5+ Be6 14. Qd3 Kg7
15. Qe3 Bg5 16. f4 Bf6 17. f5 Bd4 18. Qxd4+ Nxd4 19. fxe6 Qb6 20. Na3 Ne2+ 21.
Kh1 Raf8 22. Rxf8 Qg1# 0-1

[Event "AUTO-INT-326"]
[Site "http://www.queenalice.com/game.php?id=160709"]
[Date "2007.1.29"]
[Round "1"]
[White "Paranista"]
[Black "Garuda"]
[Result "1-0"]
[WhiteElo "2037"]
[BlackElo "1581"]

1. e4 e5 2. Nf3 Nc6 3. Bc4 h6 4. Nc3 Bc5 5. d3 Nf6 6. O-O d6 7. Be3 Nd4 8. Bxd4
exd4 9. Ne2 Qe7 10. Nexd4 Bd7 11. Re1 O-O-O 12. c3 c6 13. b4 Bb6 14. a4 a6 15.
b5 a5 16. bxc6 Bxc6 17. Nxc6 bxc6 18. Ba6+ Kd7 19. e5 dxe5 20. Nxe5+ Kc7 21. d4
Rd5 22. Ng6 Qd8 23. Nxh8 Qxh8 24. Qf3 Qa8 25. Re7+ Rd7 26. Rxd7+ Nxd7 27. Bc4 f6
28. Qg3+ Kc8 29. Qxg7 Qb7 30. Be6 c5 31. Qxf6 cxd4 32. Bxd7+ Qxd7 33. Qxb6 dxc3
34. Rc1 Qxa4 35. Rxc3+ Kd7 36. Rc7+ 1-0

[Event "AUTO-OPEN-591"]
[Site "http://www.queenalice.com/game.php?id=182885"]
[Date "2007.3.16"]
[Round "1"]
[White "fpferreira"]
[Black "Garuda"]
[Result "0-1"]
[WhiteElo "1412"]
[BlackElo "1552"]

1. e4 e5 2. Nf3 Nc6 3. Nc3 Bc5 4. Nb5 Nf6 5. Bc4 a6 6. Nc3 d6 7. Ng5 Be6 8. Bxe6
fxe6 9. Nxe6 Bxf2+ 10. Kxf2 Nxe4+ 11. Nxe4 Qh4+ 12. Kf3 Nd4+ 13. Ke3 Nxe6 14. g3
Qh6+ 15. Kf2 O-O+ 16. Kg2 Nf4+ 17. Kf3 Nh3+ 18. Ke2 d5 19. Nf2 Rxf2+ 20. Kd3 e4+
21. Kc3 Qc6+ 22. Kd4 Qc4+ 23. Ke5 Re8# 0-1

[Event "AUTO-OPEN-591"]
[Site "http://www.queenalice.com/game.php?id=182886"]
[Date "2007.3.16"]
[Round "1"]
[White "Garuda"]
[Black "fpferreira"]
[Result "0-1"]
[WhiteElo "1530"]
[BlackElo "1530"]

1. e4 e5 2. Nf3 Nc6 3. Bb5 Nf6 4. Nc3 a6 5. Bc4 Bb4 6. Nd5 d6 7. Nxb4 Nxb4 8.
Ng5 Bg4 9. f3 Bh5 10. g4 Bg6 11. a3 Nc6 12. c3 h6 13. Nh3 Na5 14. Ba2 O-O 15. b4
Nc6 16. Bb2 b5 17. d4 exd4 18. cxd4 d5 19. e5 Nd7 20. f4 Be4 21. Rg1 Qh4+ 22.
Nf2 Qxh2 23. Rf1 Bg2 24. Qe2 Bxf1 25. Qxf1 a5 26. bxa5 Rxa5 27. Bxd5 Ra6 28. f5
Ra4 29. Qxb5 Nb6 30. Qxc6 Nxd5 31. Qxa4 Ne3 32. e6 Ng2+ 33. Kd2 Qf4+ 34. Kc2
Qxf2+ 35. Kb3 Rb8+ 36. Kc4 Ne3+ 37. Kc5 Qxb2 38. Re1 Nc2 39. Re2 Qc3+ 40. Qc4
Rb5+ 0-1

[Event "AUTO-OPEN-591"]
[Site "http://www.queenalice.com/game.php?id=182913"]
[Date "2007.3.16"]
[Round "1"]
[White "rrainey22"]
[Black "Garuda"]
[Result "0-1"]
[WhiteElo "1559"]
[BlackElo "1527"]

1. e4 e5 2. d4 Nf6 3. dxe5 Nxe4 4. Bd3 Nc5 5. f4 d6 6. exd6 Bxd6 7. b4 Na4 8. c3
Qe7+ 9. Ne2 Bg4 10. Qxa4+ c6 11. b5 Bd7 12. O-O Bc5+ 13. Kh1 O-O 14. Na3 cxb5
15. Bxb5 Bxb5 16. Qxb5 b6 17. Bb2 Nd7 18. Nc2 a6 19. Qd3 Nf6 20. Rae1 Ng4 21.
Ned4 Qh4 22. Qg3 Qxh2+ 23. Qxh2 Nxh2 24. Kxh2 g6 25. Ba3 Bxa3 26. Nxa3 h5 27.
Nc4 b5 28. Nb6 Ra7 29. Re2 Rb7 30. Nd5 Rc8 31. Nf6+ Kg7 32. Ne4 Re7 33. Rfe1 f5
34. Nd6 Rxc3 35. Rxe7+ Kh6 0-1

[Event "AUTO-OPEN-591"]
[Site "http://www.queenalice.com/game.php?id=182914"]
[Date "2007.3.16"]
[Round "1"]
[White "Garuda"]
[Black "rrainey22"]
[Result "0-1"]
[WhiteElo "1526"]
[BlackElo "1560"]

1. e4 e5 2. Nf3 d5 3. Bd3 f6 4. O-O d4 5. Nh4 g6 6. Be2 a6 7. d3 b6 8. c3 c5 9.
c4 Bb7 10. a3 f5 11. g3 fxe4 12. dxe4 Bxe4 13. Nd2 Bc6 14. f3 Be7 15. Ng2 Nd7
16. b4 Qc7 17. b5 axb5 18. cxb5 Bd5 19. a4 Ngf6 20. Ne4 Nxe4 21. fxe4 Bxe4 22.
Bh6 Qb7 23. Bf3 O-O-O 24. Ne1 Rhg8 25. a5 bxa5 26. Bxe4 Qxe4 27. Rxa5 g5 28. h4
gxh4 29. Ng2 Rxg3 30. Ra2 h3 31. Rff2 hxg2 32. Rxg2 Rdg8 33. Qf1 Qh4 34. Rxg3
Rxg3+ 35. Rg2 Rxg2+ 36. Qxg2 Qxh6 37. Qa8+ Nb8 38. Qg2 Qc1+ 39. Kh2 Qh6+ 40.
Qh3+ Qxh3+ 0-1

[Event "AUTO-OPEN-591"]
[Site "http://www.queenalice.com/game.php?id=182931"]
[Date "2007.3.16"]
[Round "1"]
[White "jcm"]
[Black "Garuda"]
[Result "1-0"]
[WhiteElo "1695"]
[BlackElo "1546"]

1. e4 e5 2. Nf3 Nc6 3. Bc4 Bc5 4. c3 Nf6 5. d4 exd4 6. cxd4 Bb4+ 7. Nc3 O-O 8.
O-O a6 9. e5 Ng4 10. h3 d5 11. Bd3 Ngxe5 12. dxe5 h6 13. Nxd5 Qxd5 14. Bh7+ Kxh7
15. Qxd5 Be6 16. Qe4+ g6 17. Qh4 h5 18. Qg5 Kg8 19. Qh6 Rfd8 20. Be3 f5 21. exf6
Kf7 22. Qg7+ Ke8 23. Qxg6+ Bf7 24. Qe4+ Kf8 25. Ng5 Rd6 26. Nxf7 Rxf6 27. Ne5
Re6 28. Qf4+ Ke7 29. Nxc6+ Rxc6 30. Qxb4+ Kd7 31. Rad1+ Ke8 32. Qxb7 1-0

[Event "AUTO-OPEN-591"]
[Site "http://www.queenalice.com/game.php?id=182932"]
[Date "2007.3.16"]
[Round "1"]
[White "Garuda"]
[Black "jcm"]
[Result "0-1"]
[WhiteElo "1536"]
[BlackElo "1705"]

1. e4 c5 2. e5 Nc6 3. Nf3 g6 4. b3 Bg7 5. d4 cxd4 6. Bf4 Qa5+ 7. Bd2 Qd5 8. Bc4
Qe4+ 9. Qe2 Qxe2+ 10. Bxe2 Nxe5 11. Nxd4 a6 12. O-O Nc6 13. Nxc6 Bxa1 14. Nb4
Be5 15. g3 d6 16. c3 Bd7 17. Nd5 O-O-O 18. Nb6+ Kc7 19. Nd5+ Kb8 20. Nb6 Bc6 21.
f4 Bg7 22. a4 Nf6 23. c4 Ne4 24. Ba5 Bd4+ 25. Kg2 Nd2+ 26. Bf3 Nxf1 27. Bxc6
Ne3+ 28. Kf3 bxc6 29. c5 Bxc5 30. Nc4 Nxc4 31. Bxd8 Rxd8 32. Nc3 Nd2+ 0-1

[Event "AUTO-INT-383"]
[Site "http://www.queenalice.com/game.php?id=183087"]
[Date "2007.3.16"]
[Round "1"]
[White "Garuda"]
[Black "ray"]
[Result "0-1"]
[WhiteElo "1533"]
[BlackElo "1586"]

1. e4 c5 2. e5 e6 3. Bc4 g6 4. Nf3 Bg7 5. O-O Ne7 6. Nc3 O-O 7. d4 cxd4 8. Qxd4
Nbc6 9. Qe3 Nf5 10. Nb5 a6 11. Qg5 Qxg5 12. Bxg5 axb5 13. Bxb5 Nxe5 14. Nxe5
Bxe5 15. c3 Nd6 16. Be7 Re8 17. Bxd6 Bxd6 18. Rad1 Bc5 19. b4 Bb6 20. a4 Re7 21.
a5 Ba7 22. c4 b6 23. a6 Bb8 24. c5 bxc5 25. bxc5 Bxa6 26. Bxa6 Rxa6 0-1

[Event "AUTO-INT-383"]
[Site "http://www.queenalice.com/game.php?id=183088"]
[Date "2007.3.16"]
[Round "1"]
[White "ray"]
[Black "Garuda"]
[Result "1-0"]
[WhiteElo "1845"]
[BlackElo "1537"]

1. c4 e5 2. Nc3 Nf6 3. g3 Bd6 4. Bg2 c6 5. e3 O-O 6. Nge2 Bc7 7. O-O d5 8. cxd5
Nxd5 9. Nxd5 cxd5 10. b3 e4 11. Bb2 Nc6 12. Nf4 Nb4 13. Bh3 Nd3 14. Bxc8 Rxc8
15. Nxd3 exd3 16. Qg4 f6 17. f4 d4 18. exd4 1-0

[Event "AUTO-INT-383"]
[Site "http://www.queenalice.com/game.php?id=183089"]
[Date "2007.3.16"]
[Round "1"]
[White "Garuda"]
[Black "chessy"]
[Result "0-1"]
[WhiteElo "1569"]
[BlackElo "1703"]

1. e4 c6 2. e5 f6 3. Nf3 fxe5 4. Nxe5 Nf6 5. Bc4 d5 6. Bb3 Nbd7 7. d4 e6 8. O-O
Bd6 9. Nd3 O-O 10. Nd2 e5 11. dxe5 Nxe5 12. Qe2 Nxd3 13. Qxd3 Bxh2+ 14. Kxh2
Ng4+ 15. Kg1 Qh4 16. Qh3 Qf6 17. c4 Nxf2 18. Rxf2 Qxf2+ 19. Kh1 Bxh3 20. gxh3
Qe1+ 21. Nf1 Rxf1+ 0-1

[Event "AUTO-INT-383"]
[Site "http://www.queenalice.com/game.php?id=183090"]
[Date "2007.3.16"]
[Round "1"]
[White "chessy"]
[Black "Garuda"]
[Result "1-0"]
[WhiteElo "1765"]
[BlackElo "1567"]

1. d4 e6 2. Nf3 Nc6 3. e4 a6 4. c3 g6 5. Bd3 f5 6. O-O fxe4 7. Bxe4 d5 8. Bc2
Bd7 9. Bf4 h6 10. Bxg6+ Ke7 11. Bg3 Be8 12. Bxe8 Qxe8 13. Ne5 Nxe5 14. Bxe5 Rh7
15. Qd3 Rf7 16. Nd2 Qc6 17. f4 Kd7 18. f5 Bd6 19. fxe6+ Kxe6 20. Qg6+ Nf6 21.
Bxf6 Rxf6 22. Rxf6+ Kd7 23. Qg7+ Kd8 24. Re1 Qd7 25. Qg8+ Qe8 26. Qxe8# 1-0

[Event "AUTO-INT-383"]
[Site "http://www.queenalice.com/game.php?id=183091"]
[Date "2007.3.16"]
[Round "1"]
[White "Garuda"]
[Black "MusicMan"]
[Result "0-1"]
[WhiteElo "1556"]
[BlackElo "1452"]

1. e4 d5 2. e5 c5 3. Nf3 Nc6 4. Bb5 Bf5 5. O-O e6 6. d4 c4 7. b3 a6 8. Bxc6+
bxc6 9. Bg5 Ne7 10. a3 cxb3 11. cxb3 Qb6 12. b4 Ng6 13. Nc3 Bg4 14. h3 Bxf3 15.
Qxf3 Qxd4 16. Ne2 Qxe5 17. g3 Bd6 18. h4 Nxh4 19. Bxh4 g5 20. Qh5 gxh4 21. Qxe5
Bxe5 22. f4 Bxa1 0-1

[Event "AUTO-INT-383"]
[Site "http://www.queenalice.com/game.php?id=183092"]
[Date "2007.3.16"]
[Round "1"]
[White "MusicMan"]
[Black "Garuda"]
[Result "0-1"]
[WhiteElo "1472"]
[BlackElo "1510"]

1. Nf3 d5 2. g3 c6 3. Bg2 Bg4 4. c4 dxc4 5. Na3 c3 6. d3 cxb2 7. Bxb2 f6 8. Nc4
e5 9. e4 Bb4+ 10. Ncd2 Qxd3 11. Nxe5 Qe2+ 12. Qxe2 Bxe2 13. Kxe2 fxe5 14. Bxe5
Ne7 15. Bxg7 Rg8 16. Be5 Nd7 17. Rab1 Bxd2 18. Rxb7 Nxe5 19. Kxd2 Nc4+ 20. Kc3
Na5 21. Rc7 Rg5 22. f4 Rb5 23. a4 Rb3+ 24. Kd4 Rb4+ 25. Ke5 Kd8 26. Rxe7 Kxe7
27. Kf5 Rd8 28. e5 Rf8+ 29. Kg5 Ke6 30. Bh3+ Ke7 31. e6 Nc4 32. f5 Ne5 33. Kh6
Kf6 34. Kxh7 Rb7+ 0-1

[Event "Challenge"]
[Site "http://www.queenalice.com/game.php?id=214256"]
[Date "2007.5.21"]
[Round "-"]
[White "alexnu"]
[Black "Garuda"]
[Result "0-1"]
[WhiteElo "1770"]
[BlackElo "1511"]

1. g4 e5 2. Bg2 c6 3. d4 d6 4. dxe5 d5 5. e4 d4 6. Nf3 Bxg4 7. Bf4 c5 8. Qd3 Nc6
9. h3 Bh5 10. Nbd2 Nb4 11. Qb5+ Qd7 12. Qxd7+ Kxd7 13. Kd1 Ne7 14. a3 Nbc6 15.
Nc4 Ng6 16. Bg3 b5 17. Nd2 h6 18. Kc1 Be7 19. c4 a6 20. Ne1 Rhd8 21. Nd3 bxc4
22. Nxc4 Bg5+ 23. Kc2 f6 24. Nxc5+ Ke8 25. Nd6+ Ke7 26. Nf5+ Kf8 27. Ne6+ Kg8
28. Nxd8 Rxd8 29. Kd3 Ncxe5+ 30. Kc2 d3+ 31. Kb3 d2 32. Kc2 Nd3 33. Ne3 Ne1+ 34.
Kb3 Nxg2 35. Nxg2 d1=B+ 36. Ka2 Bhf3 0-1